|
|
|
|
| LEADER |
01935nam a2200577 a 4500 |
| 001 |
nkc20071727479 |
| 003 |
CZ PrNK |
| 005 |
20071119133433.0 |
| 007 |
ta |
| 008 |
071004s2007 xr a g e 001 0 cze |
| 015 |
|
|
|a cnb001727479
|
| 020 |
|
|
|a 978-80-7234-739-1
|q (váz.)
|
| 035 |
|
|
|a (OCoLC)190405550
|
| 040 |
|
|
|a ABA001
|b cze
|
| 041 |
1 |
|
|a cze
|h eng
|
| 072 |
|
7 |
|a 551
|x Geologie. Meteorologie. Klimatologie
|2 Konspekt
|9 7
|
| 080 |
|
|
|a 55
|2 MRF
|
| 080 |
|
|
|a 551.1/.4
|2 MRF
|
| 080 |
|
|
|a 552.2
|2 MRF
|
| 080 |
|
|
|a 549
|2 MRF
|
| 080 |
|
|
|a 573.5
|2 MRF
|
| 080 |
|
|
|a 575.8
|2 MRF
|
| 080 |
|
|
|a (031)
|2 MRF
|
| 100 |
1 |
|
|a Coenraads, Robert Raymond,
|d 1956-
|7 mzk2007411418
|4 aut
|
| 245 |
1 |
0 |
|a Geologie Země :
|b velký obrazový průvodce /
|c Robert R. Coenraads ; [z anglického originálu ... přeložil a odborně lektoroval Jan Cempírek]
|
| 246 |
3 |
|
|a Velký obrazový průvodce - Geologie Země
|
| 250 |
|
|
|a 1. vyd.
|
| 260 |
|
|
|a Čestlice :
|b Rebo,
|c c2007
|
| 300 |
|
|
|a 304 s. :
|b barev. il. ;
|c 24 cm
|
| 500 |
|
|
|a Terminologický slovník
|
| 500 |
|
|
|a Obsahuje rejstřík
|
| 650 |
0 |
7 |
|a geologie
|7 ph114622
|2 czenas
|
| 650 |
0 |
7 |
|a geologický vývoj Země
|7 ph242459
|2 czenas
|
| 650 |
0 |
7 |
|a horniny
|7 ph114694
|2 czenas
|
| 650 |
0 |
7 |
|a minerály
|7 ph115322
|2 czenas
|
| 650 |
0 |
7 |
|a vznik života
|7 ph135682
|2 czenas
|
| 650 |
0 |
7 |
|a evoluce (biologie)
|7 ph114506
|2 czenas
|
| 650 |
0 |
9 |
|a geology
|2 eczenas
|
| 650 |
0 |
9 |
|a geological history of the Earth
|2 eczenas
|
| 650 |
0 |
9 |
|a rocks
|2 eczenas
|
| 650 |
0 |
9 |
|a minerals
|2 eczenas
|
| 650 |
0 |
9 |
|a life origin
|2 eczenas
|
| 650 |
0 |
9 |
|a evolution (biology)
|2 eczenas
|
| 655 |
|
7 |
|a encyklopedie
|7 fd132201
|2 czenas
|
| 655 |
|
9 |
|a encyclopedias
|2 eczenas
|
| 765 |
0 |
|
|t Rock & fossils
|9 Česky
|
| 910 |
2 |
|
|a BOA001
|b 2-1192.681
|
| 990 |
|
|
|a BK
|
| 995 |
|
|
|a 01
|
| 991 |
|
|
|b 200710
|c NOV
|
| 996 |
6 |
|
|b 2610321796
|c 2-1192.681
|l MZK
|r Sklad / do 1 hodiny
|n 6
|p p.v.
|w 000867975
|u 000010
|a 1
|e BOA001
|j MZK50
|s P
|